000 00245nam a22001217a 4500
082 _a894.812
_bSAL/V
100 _aSALIM,CHANANKARA
245 _aVARGHAM
260 _bPRABHATH BOOK HOUSE
300 _a94
650 _aSTORY
_zKERALA
942 _cBK
999 _c1442
_d1442